Detalles MARC
| 000 -CABECERA |
| campo de control de longitud fija |
02099aam a2200325 a 4500 |
| 001 - NÚMERO DE CONTROL |
| campo de control |
000003207 |
| 003 - IDENTIFICADOR DEL NÚMERO DE CONTROL |
| campo de control |
DO-SdBPM |
| 005 - FECHA Y HORA DE LA ÚLTIMA TRANSACCIÓN |
| campo de control |
20250730140239.0 |
| 007 - CAMPO FIJO DE DESCRIPCIÓN FÍSICA--INFORMACIÓN GENERAL |
| campo de control de longitud fija |
ta |
| 008 - DATOS DE LONGITUD FIJA--INFORMACIÓN GENERAL |
| campo de control de longitud fija |
040620s2002 dr b 001 0dspa d |
| 020 ## - NÚMERO INTERNACIONAL ESTÁNDAR DEL LIBRO |
| Número Internacional Estándar del Libro |
9993487155 |
| 040 ## - FUENTE DE LA CATALOGACIÓN |
| Centro catalogador/agencia de origen |
DO-SdBPM |
| Lengua de catalogación |
spa |
| Centro/agencia transcriptor |
BPMSU |
| Centro/agencia modificador |
rda |
| 082 #4 - NÚMERO DE LA CLASIFICACIÓN DECIMAL DEWEY |
| Número de clasificación |
344.074 |
| Número de documento/Ítem |
F224e 2002 |
| Número de edición |
22 |
| 100 ## - ENTRADA PRINCIPAL--NOMBRE DE PERSONA |
| Nombre de persona |
Farías Campos, Félix, |
| Fechas asociadas al nombre |
1959- |
| Término indicativo de función/relación |
autor |
| 245 10 - MENCIÓN DE TÍTULO |
| Título |
Evolución, orientaciones y tendencias de la legislación de la educación superior dominicana / |
| Mención de responsabilidad, etc. |
Félix Farías |
| 264 ## - PRODUCCIÓN, PUBLICACIÓN, DISTRIBUCIÓN, FABRICACIÓN Y COPYRIGHT |
| Producción, publicación, distribución, fabricación y copyright |
Santo Domimgo : |
| Nombre del de productor, editor, distribuidor, fabricante |
Ediciones Unicaribe, |
| Fecha de producción, publicación, distribución, fabricación o copyright |
2002 |
| 300 ## - DESCRIPCIÓN FÍSICA |
| Extensión |
202 páginas ; |
| Dimensiones |
22 cm. |
| 336 ## - TIPO DE CONTENIDO |
| Término de tipo de contenido |
texto |
| Código de tipo de contenido |
txt |
| Fuente |
rdacontent |
| 337 ## - TIPO DE MEDIO |
| Nombre/término del tipo de medio |
sin mediación |
| Código del tipo de medio |
n |
| Fuente |
rdamedia |
| 338 ## - TIPO DE SOPORTE |
| Nombre/término del tipo de soporte |
volumen |
| Código del tipo de soporte |
nc |
| Fuente |
rdacarrier |
| 500 ## - NOTA GENERAL |
| Nota general |
Incluye índice. |
| 504 ## - NOTA DE BIBLIOGRAFÍA, ETC. |
| Nota de bibliografía, etc. |
Bibliografía: p. 63-66.<br/> |
| 505 0# - NOTA DE CONTENIDO CON FORMATO |
| Nota de contenido con formato |
Origen del sistema de educación superior dominicano, 1518-1961 11|Incursión del sector privado en la educación superior dominicana, 1962-1982 21|Regulación de la educación superior dominicana, 1983-2000|Reforma del sistema de educación superior dominicano 2001- 57|Decreto 914 que convierte el Instituto Profesional en Universidad de Santo Domingo 69|Ley 1398 de organización universitaria 71|Ley 111 sobre Exequátur 73|Ley 5778 sobre la autonomía de la UASD 77|Ley 6150 que crea la PUCMM 81|Ley 292 que ordena la supresión del fuero en la UASD 82|Ley 273 que regula la educación superior privada 83|Ley 236 que modifica la 273 sobre educación superior privada 88|Decreto 449 que crea Comisión CONIES 90|Ley 14 declara inejecutable bienes universidades estatales 92|Decreto 861 crea Comisión CONES 94|Decreto 1255 crea Consejo CONES 96|Decreto 259-96 modifica el 1255 del CONES 109|Decreto 517-96 modifica el 259-96 135|Ley 139-01 crea la Secretaría de Educación Superior, Ciencia y Tecnología 154 |
| 590 ## - NOTA LOCAL (RLIN) |
| Nota local |
Inventariado,2025/VM |
| 650 7# - PUNTO DE ACCESO ADICIONAL DE MATERIA--TÉRMINO DE MATERIA |
| Término de materia o nombre geográfico como elemento de entrada |
Educación superior |
| Subdivisión general |
Legislación |
| Subdivisión geográfica |
República Dominicana |
| Fuente del encabezamiento o término |
|
| 700 1# - PUNTO DE ACCESO ADICIONAL--NOMBRE DE PERSONA |
| Nombre de persona |
Reyes, Roberto |
| Término indicativo de función/relación |
corrector de estilo |
| 710 2# - PUNTO DE ACCESO ADICIONAL--NOMBRE DE ENTIDAD CORPORATIVA |
| Nombre de entidad corporativa o nombre de jurisdicción como elemento de entrada |
Universidad del Caribe |
| 910 ## - DATOS DE OPCIÓN DEL USUARIO (OCLC) |
| Datos de opción del usuario |
VMateo V. Control de calidad. BPMSU |
| 942 ## - ELEMENTOS DE PUNTO DE ACCESO ADICIONAL (KOHA) |
| Fuente del sistema de clasificación o colocación |
Dewey Decimal Classification |
| Tipo de ítem Koha |
Libros |